00601nam a2200109Ia 4500008004100000245003100041300025200072650001300324856006300337999001900400952007200419170517s9999 xx 000 0 und d aPredators in Your Backyard aAcross the world scientists are releasing predators, nature's ultimate killers, close to where people live. In Florida, a new population of panthers, feared as ambush predators, have been released near to the busy town of Naples. In the Italian... xScience. uhttp://topdocumentaryfilms.com/predators-in-your-backyard/ c334346d334346 001040aCLbCLd2017-05-17l0r2017-05-17 00:00:00w2017-05-17yDF